Βασικές αρχές της ναυτιλιακής επιστήμης
Αποθηκεύτηκε σε:
| Κύριος συγγραφέας: | |
|---|---|
| Άλλοι συγγραφείς: | , |
| Μορφή: | Βιβλίο |
| Γλώσσα: | Greek |
| Δημοσίευση: |
Πειραιάς :
Τζέι & Τζέι Ελλάς,
1999
|
| Θέματα: | |
| Ετικέτες: |
Προσθήκη ετικέτας
Δεν υπάρχουν, Καταχωρήστε ετικέτα πρώτοι!
|
MARC
| LEADER | 00000cam a2200000 i 4500 | ||
|---|---|---|---|
| 001 | 1/59677 | ||
| 008 | 020326s1999 gre d | ||
| 020 | |a 960-8461-13-8 | ||
| 035 | |l 10000541 | ||
| 040 | |a GR-MY-UA |b gre |e aacr | ||
| 041 | 0 | |a gre | |
| 082 | 0 | |a 387.5 | |
| 100 | 1 | |a Βλάχος, Γεώργιος Π. | |
| 245 | 1 | 0 | |a Βασικές αρχές της ναυτιλιακής επιστήμης / |c Γ.Π. Βλάχος, Εμ.Δ. Νικολαϊδης ; προλογίζει ο καπτ. Παναγιώτης Ν. Τσάκος |
| 260 | |a Πειραιάς : |b Τζέι & Τζέι Ελλάς, |c 1999 | ||
| 300 | |a (τ.1: 544 σ.) |b χάρτης, διαγρ. | ||
| 504 | |a Περιέχει βιβλιογραφία και ευρετήριο | ||
| 650 | 0 | 0 | |a Shipping. |
| 650 | 0 | 0 | |a Merchant marine. |
| 700 | 1 | |a Νικολαΐδης, Μανώλης. | |
| 700 | 1 | |a Τσάκος, Παναγιώτης Ν. |4 aui | |
| 852 | |a INST |b CHIOS |e 20020326 |h 387.5 ΒΛΑ |p 005200019900 |q 005200019900 |t BK |y 0 | ||
| 901 | |a BIBL2-2002-1 | ||
| 909 | |a Χ |b 099843 | ||
| 970 | |a ΣΠΕΝΤΖΑ |b ΕΛΕΝΗ |z 2002/03/26 | ||